Countries with Ebola cases - Statistics

General Stats
  • This quiz has been taken 42 times
  • The average score is 13 of 18
Answer Stats
Continent Country % Correct
North America United States
94%
Europe United Kingdom
92%
Africa D.R Congo
89%
Africa Nigeria
86%
Asia/Europe Russia
83%
Africa Liberia
78%
Europe Spain
78%
Africa Guinea
75%
Europe Italy
72%
Africa Sierra Leone
72%
Africa Gabon
67%
Africa Mali
67%
Africa Senegal
67%
Africa Uganda
67%
Africa Ivory Coast
64%
Africa South Africa
61%
Africa South Sudan
61%
Asia Philippines
28%
No matching quizzes found
Score Distribution
Percent of People with Each Score
Percentile by Number Answered
Your Score History
You have not taken this quiz